000
00324nam a2200109Ia 4500
008
200302s9999 xx 000 0 und d
100
_a
S. P. Arora & Other
245
_a
A Text Book of Building Construction Including Engineering Materials
260
_b
Dhanpat Rai Publications Pvt. Ltd.
260
_c
2000
300
_a
1974 P.,
999
_c
1388
_d
1388